000 00418nam a2200157 i 4500
001 33160
003 ES-MaACL
005 20230906154716.0
007 t|
008 030201s1924 fr ||||1| fre d
100 1 _aBernard, Tristan.
_928259
245 1 0 _aFéerie bourgeoise
_b: . Roman /
_cTristan Bernard.
260 _aParis :
_b[s.n.,
_c1924] (
_fJouve)
300 _a247 p. ;
_c19 cm.
852 _aES-MaACL
_jF-2356
999 _c33160
_d33160